000 02364nam a2200313Ia 4500
003 PE SENCICO BE
005 20260226202328.0
008 200515s9999 xx 000 0 und d
020 _a968 880 475 4
040 _cPE SENCICO
_bPE SENCICO BE
041 _aspa
082 _a620.11
_bS47 1995
100 1 _aShackelford, James F.
_9133
_eautor
245 1 0 _aCiencia de materiales para ingenieros /
_cJames F. Shackelford; traductora: Gloria Mata Hernandez; revisor: Juan A. Torre Marina
250 _a3a ed.
260 _aJuárez [México] :
_bPrentice Hall Hispanoamericana ;
_c1995
300 _a796 páginas :
_bilustraciones, tablas, diagramas ;
_c23.5 cm. x 19 cm.
505 0 _aMateriales en Ingeniería--PARTE I : LOS FUNDAMENTOS :Enlazamiento Atómico—Estructura Cristalina-perfección—Estructura no cristalina-imperfección—Diagramas de fases-desarrollo de la microestructural en equilibrio—Cinética-tratamiento térmico—PARTE II : LOS MATERIALES ESTRUCTURALES : Metales— Cerámicas y Vidrios— Polímeros—Compuestos— PARTE III : los materiales electrónicos y magnéticos : Conducción eléctrica—Semiconductores—Materiales magnéticos—PARTE IV : MATERIALES EN EL DISEÑO DE INGENIERIA: Degradación ambiental— Selección de materiales
520 3 _aPresenta temas actualizados en el campo de la ciencia e ingeniería de materiales, y modificando descripciones de las áreas que se están cambiando rápidamente. Al llegar al final del siglo xx, los materiales de ingeniería están desempeñando un papel cada vez mas central en la tecnología moderna, al igual que en la economía mundial. La investigación reciente y fundamental sobre estructura de limites de grano, cuasicristales y fractales ha ampliado mucho nuestra comprensión de la estructura de los materiales. Se presentan ejercicios ilustrativos para mejorar la eficacia en la resolución de los problemas ilustrativos dentro de los capítulos, y se agregan mas de 150 problemas nuevos de tarea.
650 0 _aMateriales de construcción
_9308
650 2 0 _aMetales
_9311
650 2 0 _aMateriales cerámicos
_9481
650 2 0 _aPolímeros
_9482
650 2 0 _aVidrios
_9314
650 2 0 _aTecnología de materiales
_9406
700 1 _aMata Hernandez, Gloria
_9134
_etraductora
700 1 _aTorre Marina, Juan A.
_9135
_erevisor
942 _cLIB
_2ddc
999 _c2848
_d2848